Normal view MARC view
  • Abdussalam Muhammad Iskandar Haji Ahmad

Entry Personal Name

Number of records used in: 1

001 - CONTROL NUMBER

  • control field: 846

003 - CONTROL NUMBER IDENTIFIER

  • control field: OSt

005 - DATE AND TIME OF LATEST TRANSACTION

  • control field: 20170503152812.0

008 - FIXED-LENGTH DATA ELEMENTS

  • fixed length control field: 170503|| aca||aabn | a|a d

040 ## - CATALOGING SOURCE

  • Original cataloging agency: OSt
  • Transcribing agency: OSt

100 ## - HEADING--PERSONAL NAME

  • Personal name: Abdussalam Muhammad Iskandar Haji Ahmad

670 ## - SOURCE DATA FOUND

  • Source citation: Work cat.: (OSt): Abdussalam Muhammad Iskandar Haji Ahmad , Persuratkhabaran Melayu 1876-1968, 1973
Pusat Sumber Maklumat Dato' Haji Sarmin Md Hussin, Akademi Kastam Diraja Malaysia, Melaka
Tel: 06-2331106 | Faks: 06-2313787